| 000 | 00984cam a2200205 4500 | ||
|---|---|---|---|
| 001 | J122352 | ||
| 008 | 030521n2003 000 0 eng u | ||
| 035 | _a(Sirsi) u122352 | ||
| 041 | _aeng | ||
| 050 |
_a614.76 _c18 |
||
| 110 |
_aEngland and Wales _bEnvironment Agency _92469 |
||
| 245 | _aGuidance for monitoring landfill gas emissions | ||
| 260 |
_bEnvironment Agency _c2003 |
||
| 520 | _aA consultation on proposed landfill gas emission standards. The document recommends that the monitoring of methane emissions should occur in two stages: a simple walkover survey to detect and remediate basic deficiencies in the gas management system; and the use of flux measurements. View at www.environment-agency.gov.uk. | ||
| 650 | _aLANDFILL GAS | ||
| 650 | _aMETHANE GAS EMISSIONS | ||
| 690 | _aENVIRONMENT-CONTAMINATION | ||
| 856 |
_uhttps://www.environment-agency.gov.uk/yourenv/consultations/479111/ _vView the consultation on the Environment Agency website... |
||
| 942 | _n0 | ||
| 999 |
_c102834 _d102834 |
||